Žďárské vrchy : státní přírodní rezervace /

Uložené v:
Podrobná bibliografia
Hlavní autori: Smejkal, Miroslav (Author), Pleva, Viktor (Author)
Médium: Kniha
Jazyk:Czech
Vydané: Brno : Krajské středisko státní památkové péče a ochrany přírody, 1964.
Vydanie:1. vyd.
ISBN: (brož.)
Fyzický popis: Nestr.
Tagy: Pridať tag
Žiadne tagy, Buďte prvý kto otaguje tento záznam!

MARC

LEADER 00000nam a2200000 a 4500
001 000442821
005 20131106122748.0
008 060814 1964 xr e cze d
020 |a (brož.) 
040 |a SVKKK  |b slo  |c SVKKK  |e AACR2 
041 0 |a cze 
044 |a xr  |c CZ 
100 1 |a Smejkal, Miroslav  |4 aut 
245 1 0 |a Žďárské vrchy :  |b státní přírodní rezervace /  |c Miroslav Smejkal, Viktor Pleva. 
250 |a 1. vyd. 
260 |a Brno :  |b Krajské středisko státní památkové péče a ochrany přírody,  |c 1964. 
300 |a Nestr. 
700 1 |a Pleva, Viktor  |4 aut 
910 |a svkkk 
998 |a BK 
090 |g SCKHL  |k Sklad Hlavná 10 suterén  |a I.27956  |j 356594  |i 2720421914  |s Absenčne